Movies Quiz

Random Movies or Actor Quiz

Actors: Oscar Gaps Quiz Stats

 Plays Quiz not verified by Sporcle

Support Sporcle.
Go Orange.
Score 0/57 Timer 09:00
0 Plays Today
NOMINATED FOR: ACTOR % Correct
Cape Fear (1991)Robert De Niro
94.5%
Good Will Hunting (1997)Matt Damon
93.8%
What’s Eating Gilbert Grape (1993)Leonardo DiCaprio
93.8%
Chaplin (1992)Robert Downey, Jr.
92.6%
12 Monkeys (1995)Brad Pitt
92.3%
Saturday Night Fever (1977)John Travolta
91.9%
Training Day (2001)Denzel Washington
91%
Last Tango in Paris (1973)Marlon Brando
90.7%
Hannah and Her Sisters (1986)Michael Caine
90%
Sands of Iwo Jima (1949)John Wayne
89.3%
The Fugitive (1993)Tommy Lee Jones
87.8%
The Grapes of Wrath (1940)Henry Fonda
87.4%
Twelve O’Clock High (1949)Gregory Peck
87%
The French Connection (1971)Gene Hackman
86.2%
The Bridge on the River Kwai (1957)Alec Guinness
84.9%
The Deer Hunter (1978)Christopher Walken
84.1%
The People vs. Larry Flynt (1996)Woody Harrelson
82.5%
The Heart Is a Lonely Hunter (1968)Alan Arkin
80.8%
The Goodbye Girl (1977)Richard Dreyfuss
79.1%
Tender Mercies (1983)Robert Duvall
77%
Dr. Strangelove (1964)Peter Sellers
76%
And Justice for All (1979)Al Pacino
72.5%
Henry V (1989)Kenneth Branagh
72.2%
Starman (1984)Jeff Bridges
71.7%
Broadcast News (1987)William Hurt
71.5%
Platoon (1986)Willem Dafoe
70.9%
My Favorite Year (1982)Peter O’Toole
70.9%
Under the Volcano (1984)Albert Finney
68.9%
Shane (1953)Jack Palance
68.5%
NOMINATED FOR: ACTOR % Correct
Boys Town (1938)Spencer Tracy
67.9%
Days of Wine and Roses (1962)Jack Lemmon
67.2%
Yankee Doodle Dandy (1942)James Cagney
63.7%
Stalag 17 (1953)William Holden
61.3%
Runaway Train (1985)Jon Voight
60.7%
Birdman of Alcatraz (1962)Burt Lancaster
58.4%
Pelle the Conqueror (1988)Max Von Sydow
56%
The Robe (1953)Richard Burton
52.9%
Beckett (1964)John Gielgud
52.1%
A Man for All Seasons (1966)Paul Scofield
51.2%
This Sporting Life (1963)Richard Harris
48.8%
Judgment at Nuremberg (1961)Maximilian Schell
47.1%
Comes a Horseman (1978)Richard Farnsworth
46.4%
Mutiny on the Bounty (1935)Charles Laughton
46.4%
On the Waterfront (1954)Rod Steiger
41.9%
The Life of Emile Zola (1937)Paul Muni
38.5%
Teacher’s Pet (1958)Gig Young
35.5%
The Bold and the Brave (1956)Mickey Rooney
31.3%
Doctor Zhivago (1965)Tom Courtenay
29.7%
Gaslight (1944)Charles Boyer
28.5%
My Man Godfrey (1936)William Powell
28.2%
Georgy Girl (1966)James Mason
28.1%
The Informer (1935)Victor McLaglen
25.5%
Roman Holiday (1953)Eddie Albert
24.5%
Bang the Drum Slowly (1973)Vincent Gardenia
23.8%
The Heiress (1949)Ralph Richardson
23.5%
Battleground (1949)James Whitmore
22.5%
Bulldog Drummond (1930)Ronald Colman
18.8%

You're not logged in!

Compare scores with friends on all Sporcle quizzes.
OR
Log In

From the Vault

'A' Movies By Quote

by MovieGuru

"Aaaaaaaah" - A guy falling off of something in every action movie.
Remove Ads.
Support Sporcle.
Get the best of Sporcle when you Go Orange. This ad-free experience offers more features, more stats, and more fun while also helping to support Sporcle. Thank you for becoming a member.

Show Comments

Extras

Top Quizzes Today


Score Distribution

Your Account Isn't Verified!

In order to create a playlist on Sporcle, you need to verify the email address you used during registration. Go to your Sporcle Settings to finish the process.

Report this User

Report this user for behavior that violates our Community Guidelines.

Details: